000 00854nam a22002777a 4500
001 BR9401746
003 BR-BrBNA
005 20230928093948.0
007 ta
008 230509b bl.||||| |||| 00| 0 por d
040 _aBR-BrBNA
_bpor
_cBiblioteca Nacional de Agricultura
041 _a(Por)
072 _aE11; E14
090 _ E11 BR9401746
110 1 _aEmpresa Brasileira de Pesquisa Agropecuaria, Belem, PA (Brasil)
_93832
111 1 _a1. Seminario Internacional sobre a Agricultura da Amazonia
_cBelem, PA (Brazil)
_d12-18 Nov 1984
245 1 _aAgricultura na Amazonia brasileira
260 3 _aBelem, PA (Brasil):
_c1984.
300 _a100 p.
500 _a5 illus.; 12 tables
650 _aDifusao de Tecnologia
650 _aPolitica Agraria
650 _aRegiao Amazonica
909 _a202309
_bLucia
_c55
_dLucia Elande
942 _cBK
999 _c48159
_d48159